Staatsoberhäupter Österreichs seit 1804 - mit Bild - Statistiken

Allgemein
  • Dieses Quiz wurde 49 mal gespielt
  • Das Durchschnittsergebnis liegt bei 9 aus 31
Antwortstatistiken
Bildquiz Hint Antwort % Korrekt
1848-1916
Schwarzenberg, Buol/ Bach, Rechberg, Rainer Ferdinand/ Schmerling, Mensdorff, Belcredi, Beust, Auersperg, Taaffe, Plener, Artha, Potocki, Hohenwart, Holzgethan, Auersperg, Stremayr, Grätz, Kielmanegg, Badeni, Frankenthurn, Hohenstein, Aldringen, Wittek, Koerber, Hohenlohe, Beck, Schmerling, Stürgkh
Kaiser
parteilos
Franz Joseph I.
81%
seit 2017
Kern, Kurz, Löger, Bierlein, Schallenberg
Bundespräsident
Die Grünen
Alexander Van der Bellen
71%
1938-1945
Adolf Hitler
Führer (und Reichskanzler)
NSDAP
Adolf Hitler
69%
1804-1835
Stadion, Metternich
Kaiser
parteilos
Franz I.
62%
1916-1918
Koerber, Martinic, Feuchtenegg, Heinlein, Lammasch
Kaiser
parteilos
Karl I.
55%
2004-2016
Schüssel, Gusenbauer, Faymann, Mitterlehner, Kern
Bundespräsident
SPÖ
Heinz Fischer
50%
2016-2017
Christian Kern
Dritter Präsident des Nationalrats
FPÖ
Norbert Hofer
50%
1974
Bruno Kreisky
Bundeskanzler
SPÖ
Bruno Kreisky
45%
1835-1848
Metternich, Kolowrat, Ficquelmont, Pillersdorf, Doblhoff, Wessenberg, Schwarzenberg
Kaiser
parteilos
Ferdinand I.
40%
1986-1992
Sinowatz, Vranitzky
Bundespräsident
parteilos
Kurt Waldheim
40%
1950-1951
Leopold Figl
Bundeskanzler
ÖVP
Leopold Figl
40%
1945-1950
Renner, Figl
Staatskanzler, Bundespräsident
SPÖ
Karl Renner
36%
2016-2017
Christian Kern
Erste Präsidentin des Nationalrats
SPÖ
Doris Bures
33%
1945
Goebbels, Krosigk
Reichspräsident und Leiter des OKW
NSDAP
Karl Dönitz
31%
1938
Arthur Seyß-Inquart
Bundeskanzler
NSDAP
Arthur Seyß-Inquart
24%
1957
Julius Raab
Bundeskanzler
ÖVP
Julius Raab
24%
1992-2004
Vranitzky, Klima, Schüssel
Bundespräsident
ÖVP
Thomas Klestil
21%
1965
Josef Klaus
Bundeskanzler
ÖVP
Josef Klaus
19%
2004
Wolfgang Schüssel
Erster Präsident des Nationalrats
ÖVP
Andreas Khol
17%
2004
Wolfgang Schüssel
Zweite Präsidentin des Nationalrats
SPÖ
Barbara Prammer
17%
1974-1986
Kreisky, Sinowatz
Bundespräsident
parteilos
Rudolf Kirchschläger
14%
1951-1957
Figl, Raab
Bundespräsident
SPÖ
Theodor Körner
14%
1965-1974
Klaus, Kreisky
Bundespräsident
SPÖ
Franz Jonas
12%
1918-1919
Karl Renner
Mitglied des Staatsrats
Christlichsoziale Partei
Johann Nepomuk Hauser
10%
1928-1938
Seipel, Steeruwitz, Schober, Vaugoin, Ender, Buresch, Dollfuß, Schuschnigg, (Seyß-Inquart)(2Tage)
Bundespräsident
Christlichsoziale Partei, Vaterländische Front
Wilhelm Miklas
10%
1957-1965
Raab, Gorbach, Klaus
Bundespräsident
SPÖ
Adolf Schärf
7%
1918-1920
Renner, Mayr
Mitglied des Staatsrats, Präsident der Nationalversammlung
Sozialdemokratische Arbeiterpartei Deutschösterreichs
Karl Seitz
7%
2004
Wolfgang Schüssel
Dritter Präsident des Nationalrats
FPÖ
Thomas Prinzhorn
7%
2016-2017
Christian Kern
Zweiter Präsident des Nationalrats
ÖVP
Karlheinz Kopf
5%
1918-1919
Karl Renner
Mitglied des Staatsrats
Deutscher Nationalverband, später Großdeutsche Volkspartei & NSDAP
Franz Dinghofer
2%
1920-1928
Mayr, Schober, Breisky, Seipel, Ramek
Bundespräsident
parteilos
Michael Hainisch
2%
Keine übereinstimmenden Quizze gefunden
Verteilung der Resultate
Anzahl Personen mit jedem Resultat
Perzentil nach korrekt beantworteten Fragen
Ihre Resultats-Entwicklung
Sie haben dieses Quiz noch nicht gespielt